000 00918nam a22001817a 4500
008 110818t xxu||||| |||| 00| 0 eng d
020 _a0021464200: 978002464035
050 _aH62.R4
245 _aRegions near and far
_cJames A. Banks ... [et al.].
260 _aNew York
_bMacmillan/McGraw-Hill School Pub. Co.,
_c1995
300 _axiii, 482 p.
_b col. illus
_c26 cm.
440 _aWorld around us.
500 _aIncludes index
505 _aContents: Unit 1. Studying regions -- Unit 2 The Northeast -- Unit 3. The Southeast -- Unit 4. The Middle West -- Unit 5. The South West -- Unit 6. The West -- Special section: Exploring your state: Part 1. Studying your state -- Part 2. State geography -- Part 3. State history -- Part 4. State government -- Part 5. The People -- Part 6. Places to visit
650 _aSocial sciences
_xStudy and teaching (Elementary)
700 _a Banks, James A.
942 _2ddc
_cBK
999 _c12
_d7512